00382cam a2200157ua 45000010005000000080039000050400009000440410008000530820013000611000027000742450033001012500009001342600028001433000009001716530044001808955150219n ii |||gr||||Z||||||asm cMAIN aasm a891.4513 aDutta, K. Kr,eAuthor.1 aMadalar matcBy K. Kr. Dutta a1st. aGuwahati:bBani,c1994. a75p. aEast Indo-European & Celtic literatures